| 000 | 01831nam a2200217 4500 | ||
|---|---|---|---|
| 001 | 0000000615 | ||
| 005 | 20250329165508.0 | ||
| 008 | 170718s2016 000 0 eng d | ||
| 040 |
_aCO-CtgCURN _bspa _ccoctgcurn |
||
| 082 | 0 |
_aTSI 2016 _bR586 |
|
| 100 | 1 | _aRios Ramos, Katty. | |
| 245 | 1 | 0 |
_aAnálisis de los datos de un modelo de rubricas para la evaluacion de espacios mediatizados en la plataforma siacurn de la (curn) / _cKatty Rios Ramos. |
| 260 |
_aCartagena de Indias : _bCorporacion Universitaria Rafael Nuñez, _c2016. |
||
| 504 | _aTrabajo de grado (Tecnologo en sistemas de información y software). Corporacion Universitaria Rafael Nuñez. Facultad de ingenieria de sistema. Tecnologia en sistema de información y software, 2020. | ||
| 520 | _aEn la planeacion del siguiente proyecto se contempla un estudio de las investigaciones previas para asi determinar en que punto de partida se encuentra la investigacion y poder referenciar las rubricas existentes en la educacion virtual, seguido a esto se construye el marco teorico para delimitar los aportes y teorias en las que se refleja el proyecto. Posteriormente se estructura el modelo de rubricas contemplando para este las siguientes fases: 1. Recopilacion de muestras, en esta fase se realizara un sondeo de la información que generan las aulas virtuales diseñadas bajo Moodle para poder hacer caracterizacion de los datos de manera cuantitativa. | ||
| 650 | 0 |
_aSistemas de información y software _xTesis y disertaciones academicas. |
|
| 700 | 1 | _aRios Ramos, Katty. | |
| 856 |
_uhttps://unicurn.sharepoint.com/:b:/s/biblioteca/ERvYu8YjJqxCnFTEqricUuwBX6mHkrcGrDrH7LkaWCTYeQ?e=TWQdmI _zClick aqui para ver el recurso en texto completo |
||
| 942 |
_hTSI 2016 _iR586 _2ddc _cTG |
||
| 999 |
_c5927 _d5927 |
||